<?xml version="1.0" encoding="UTF-8"?>
<record
    xmlns:xsi="http://www.w3.org/2001/XMLSchema-instance"
    xsi:schemaLocation="http://www.loc.gov/MARC21/slim http://www.loc.gov/standards/marcxml/schema/MARC21slim.xsd"
    xmlns="http://www.loc.gov/MARC21/slim">

  <leader>01730nam a22002777a 4500</leader>
  <controlfield tag="005">20141222103829.0</controlfield>
  <controlfield tag="008">141013t2013    xxua   frb    101 0 eng d</controlfield>
  <datafield tag="020" ind1=" " ind2=" ">
    <subfield code="a">01957996</subfield>
  </datafield>
  <datafield tag="020" ind1=" " ind2=" ">
    <subfield code="a">9781936424221</subfield>
  </datafield>
  <datafield tag="040" ind1=" " ind2=" ">
    <subfield code="a">EG-ScBUE</subfield>
  </datafield>
  <datafield tag="043" ind1=" " ind2=" ">
    <subfield code="a">n-us---</subfield>
  </datafield>
  <datafield tag="082" ind1="0" ind2="0">
    <subfield code="2">22</subfield>
    <subfield code="a">615.110973</subfield>
    <subfield code="b">UNI</subfield>
  </datafield>
  <datafield tag="110" ind1="2" ind2=" ">
    <subfield code="9">36201</subfield>
    <subfield code="a">United States Pharmacop&#x153;ial Convention</subfield>
  </datafield>
  <datafield tag="245" ind1="1" ind2="4">
    <subfield code="a">The United States pharmacopeia :</subfield>
    <subfield code="b">USP 37 : The National Formulary : NF 32</subfield>
    <subfield code="c">by authority of the United States Pharmacopoeial Convention prepared by the council of expert and its expert committees ; the United States Pharmacop&#x153;ial Convention.</subfield>
  </datafield>
  <datafield tag="260" ind1=" " ind2=" ">
    <subfield code="a">Rockville, United States :</subfield>
    <subfield code="b">United States Pharmacopeial Convention,</subfield>
    <subfield code="c">c.2013</subfield>
    <subfield code="e">([Baitimore, United States] :</subfield>
    <subfield code="f">United Books, Inc.)</subfield>
  </datafield>
  <datafield tag="300" ind1=" " ind2=" ">
    <subfield code="a">4 vol. :</subfield>
    <subfield code="b">ill. (col.) ;</subfield>
    <subfield code="c">28 cm.</subfield>
  </datafield>
  <datafield tag="500" ind1=" " ind2=" ">
    <subfield code="a">Includes index.</subfield>
  </datafield>
  <datafield tag="500" ind1=" " ind2=" ">
    <subfield code="a">Includes global education and  training catalog 2013-2014.</subfield>
  </datafield>
  <datafield tag="500" ind1=" " ind2=" ">
    <subfield code="a">2014 USP 37-NF 32 second supplement official December 1. 2014-2014 USP 37-NF 32 second supplement official August 1. 2014 </subfield>
  </datafield>
  <datafield tag="504" ind1=" " ind2=" ">
    <subfield code="a">Includes bibliographical reference.</subfield>
  </datafield>
  <datafield tag="505" ind1="0" ind2=" ">
    <subfield code="a">Contents : v. 1 Table of contents, front matter, general notices, general chapters TOC, general chapters, reagents, reference tables, combined index-v. 2 Table of contents, general chapters TOC. general notices, USP monographs (A-I), combined index-v. 3 Table of contents, general chapters TOC. general notices, USP monographs (J-Z), combined index- v. 4 Table of contents, general chapters TOC. general notices, dietary, supplements, NF monographs, combined index.</subfield>
  </datafield>
  <datafield tag="650" ind1=" " ind2="0">
    <subfield code="9">36202</subfield>
    <subfield code="a">Pharmacopoeias</subfield>
    <subfield code="z">United States</subfield>
  </datafield>
  <datafield tag="653" ind1=" " ind2=" ">
    <subfield code="c">October2014</subfield>
    <subfield code="b">PPhrm</subfield>
  </datafield>
  <datafield tag="655" ind1=" " ind2=" ">
    <subfield code="v">reading book</subfield>
    <subfield code="9">34232</subfield>
  </datafield>
  <datafield tag="942" ind1=" " ind2=" ">
    <subfield code="2">ddc</subfield>
    <subfield code="k">615.110973 UNI</subfield>
  </datafield>
  <datafield tag="999" ind1=" " ind2=" ">
    <subfield code="c">18449</subfield>
    <subfield code="d">18421</subfield>
  </datafield>
  <datafield tag="952" ind1=" " ind2=" ">
    <subfield code="0">0</subfield>
    <subfield code="1">0</subfield>
    <subfield code="2">ddc</subfield>
    <subfield code="4">0</subfield>
    <subfield code="7">0</subfield>
    <subfield code="8">Baccah</subfield>
    <subfield code="a">MAIN</subfield>
    <subfield code="b">MAIN</subfield>
    <subfield code="c">1ST</subfield>
    <subfield code="d">2014-10-19</subfield>
    <subfield code="e">Purchase</subfield>
    <subfield code="g">8500.00</subfield>
    <subfield code="h">20677</subfield>
    <subfield code="l">0</subfield>
    <subfield code="o">615.110973 UNI</subfield>
    <subfield code="p">000036723</subfield>
    <subfield code="r">2025-07-15 00:00:00</subfield>
    <subfield code="v">10625.00</subfield>
    <subfield code="y">REFERENCE</subfield>
    <subfield code="z">Vol. 1.</subfield>
  </datafield>
  <datafield tag="952" ind1=" " ind2=" ">
    <subfield code="0">0</subfield>
    <subfield code="1">0</subfield>
    <subfield code="2">ddc</subfield>
    <subfield code="4">0</subfield>
    <subfield code="7">0</subfield>
    <subfield code="8">Baccah</subfield>
    <subfield code="a">MAIN</subfield>
    <subfield code="b">MAIN</subfield>
    <subfield code="c">1ST</subfield>
    <subfield code="d">2014-10-19</subfield>
    <subfield code="e">Purchase</subfield>
    <subfield code="g">8500.00</subfield>
    <subfield code="h">20677</subfield>
    <subfield code="l">0</subfield>
    <subfield code="o">615.110973 UNI</subfield>
    <subfield code="p">000036724</subfield>
    <subfield code="r">2025-07-15 00:00:00</subfield>
    <subfield code="v">10625.00</subfield>
    <subfield code="y">REFERENCE</subfield>
    <subfield code="z">Vol. 2.</subfield>
  </datafield>
  <datafield tag="952" ind1=" " ind2=" ">
    <subfield code="0">0</subfield>
    <subfield code="1">0</subfield>
    <subfield code="2">ddc</subfield>
    <subfield code="4">0</subfield>
    <subfield code="7">0</subfield>
    <subfield code="8">Baccah</subfield>
    <subfield code="a">MAIN</subfield>
    <subfield code="b">MAIN</subfield>
    <subfield code="c">1ST</subfield>
    <subfield code="d">2014-10-19</subfield>
    <subfield code="e">Purchase</subfield>
    <subfield code="g">8500.00</subfield>
    <subfield code="h">20677</subfield>
    <subfield code="l">0</subfield>
    <subfield code="o">615.110973 UNI</subfield>
    <subfield code="p">000036725</subfield>
    <subfield code="r">2025-07-15 00:00:00</subfield>
    <subfield code="v">10625.00</subfield>
    <subfield code="y">REFERENCE</subfield>
    <subfield code="z">Vol. 3.</subfield>
  </datafield>
  <datafield tag="952" ind1=" " ind2=" ">
    <subfield code="0">0</subfield>
    <subfield code="1">0</subfield>
    <subfield code="2">ddc</subfield>
    <subfield code="4">0</subfield>
    <subfield code="7">0</subfield>
    <subfield code="8">Baccah</subfield>
    <subfield code="a">MAIN</subfield>
    <subfield code="b">MAIN</subfield>
    <subfield code="c">1ST</subfield>
    <subfield code="d">2014-10-19</subfield>
    <subfield code="e">Purchase</subfield>
    <subfield code="g">8500.00</subfield>
    <subfield code="h">20677</subfield>
    <subfield code="l">0</subfield>
    <subfield code="o">615.110973 UNI</subfield>
    <subfield code="p">000036726</subfield>
    <subfield code="r">2025-07-15 00:00:00</subfield>
    <subfield code="v">10625.00</subfield>
    <subfield code="y">REFERENCE</subfield>
    <subfield code="z">Vol. 4.</subfield>
  </datafield>
</record>
